| 000 | 00932nam a22002777a 4500 | ||
|---|---|---|---|
| 999 |
_c11037 _d11037 |
||
| 003 | AR-CdUCM | ||
| 008 | 190402b ||||| |||| 00| 0 spa d | ||
| 040 |
_aMUNICIPALIDAD PROVINCIAL DEL CUSCO _cBIBLIOTECA MUNICIPAL DEL CUSCO |
||
| 082 |
_a344.22 / _bB388 / 1945 |
||
| 100 |
_aBeccaria, Cesar Bonecasa Marques de _928158 |
||
| 245 | _aTratado de los delitos y de las penas / | ||
| 260 |
_aBuenos Aires : _bAtalaya, _c1945. |
||
| 300 |
_a276 páginas ; _c23 cm. |
||
| 440 |
_aBiblioteca Jurídica Atalaya _n1 _928159 |
||
| 500 | _aLibro dañado, sin lomo. | ||
| 505 | _aContenido: v.1: Tratado de los delitos y de las penas ... | ||
| 650 |
_aLiteratura jurídica _928160 |
||
| 650 |
_aDerecho _9739 |
||
| 650 |
_aPena _928161 |
||
| 650 |
_aTortura _910051 |
||
| 650 |
_aSanciones _95039 |
||
| 650 |
_aDerecho penal _95831 |
||
| 700 |
_aCabanellas, Guillermo (estudio previo) _928162 |
||
| 942 |
_2ddc _cLIBROS |
||
| 945 | _acmm | ||